[Event "XIII American Continental"]
[Site "Montevideo URU"]
[Date "2018.06.07"]
[Round "8"]
[White "Campora, Edgardo"]
[Black "Oviedo, Mathias"]
[Result "0-1"]
[WhiteElo "1772"]
[BlackElo "1611"]
[EventDate "2018.06.01"]
[PlyCount "60"]

1.e4 c5 2.Nc3 d6 3.f4 e6 4.Bc4 Nf6 5.a4 d5 6.Bb5+ Bd7 7.exd5 Nxd5 8.Nxd5 
exd5 9.Bxd7+ Nxd7 10.d4 Nf6 11.Nf3 Bd6 12.O-O O-O 13.Nh4 Ne4 14.Nf5 cxd4 
15.Nxd6 Qxd6 16.Qxd4 Qc5 17.Qxc5 Nxc5 18.Be3 Rac8 19.Rfd1 Rfd8 20.c4 Nb3 
21.Rab1 Rxc4 22.Bxa7 Rxa4 23.Bb6 Rd6 24.Bf2 d4 25.Re1 f6 26.Rbd1 Ra2 27.
Re7 Ra1 28.Ree1 Ra2 29.Re7 d3 30.Rxb7 Ra1 0-1

[Event "XIII American Continental"]
[Site "Montevideo URU"]
[Date "2018.06.07"]
[Round "8"]
[White "Stetsenko, Ilya"]
[Black "Palmieri, Daniel"]
[Result "0-1"]
[WhiteElo "1461"]
[BlackElo "1746"]
[EventDate "2018.06.01"]
[PlyCount "54"]

1.d4 Nf6 2.c4 g6 3.Nc3 Bg7 4.e4 d6 5.Be2 O-O 6.Be3 Nbd7 7.g4 c5 8.d5 Ne5 
9.h3 a6 10.Qd2 Rb8 11.Bh6 b5 12.Bxg7 Kxg7 13.g5 Ne8 14.cxb5 axb5 15.Bxb5 
Qa5 16.h4 Rxb5 17.Nxb5 Qxb5 18.Qc3 f6 19.Rd1 Ba6 20.Rh3 Qf1+ 21.Kd2 Qxf2+ 
22.Kc1 Qf4+ 23.Qd2 fxg5 24.hxg5 Qxe4 25.Qa5 Rf2 26.Qa3 Qf4+ 27.Qe3 Qf5 0-1

[Event "XIII American Continental"]
[Site "Montevideo URU"]
[Date "2018.06.07"]
[Round "8"]
[White "Malan, Lucia"]
[Black "Mordetzki, Ariel"]
[Result "1-0"]
[WhiteElo "1733"]
[BlackElo "1542"]
[EventDate "2018.06.01"]
[PlyCount "59"]

1.e4 e6 2.d4 d5 3.Nd2 Nf6 4.e5 Nfd7 5.Bd3 c5 6.c3 Nc6 7.Ne2 Qb6 8.Nf3 cxd4
9.cxd4 f6 10.exf6 Nxf6 11.O-O Bd6 12.Nc3 Bd7 13.a3 O-O 14.Bg5 Rac8 15.Na4 
Qd8 16.Rc1 Qe8 17.Nc5 Bxc5 18.Bxf6 Rxf6 19.Rxc5 b6 20.Rc3 Ne7 21.Ne5 Bb5 
22.Rxc8 Nxc8 23.Bxb5 Qxb5 24.Qc2 Rf8 25.Qc7 Qe8 26.Rc1 Qd8 27.Qxd8 Rxd8 
28.Rc7 Re8 29.Nc6 a6 30.Rxc8 1-0

[Event "XIII American Continental"]
[Site "Montevideo URU"]
[Date "2018.06.07"]
[Round "8"]
[White "Shih Ferreira, Yin Chieh"]
[Black "Ramirez, Agustin"]
[Result "0-1"]
[WhiteElo "1378"]
[BlackElo "1675"]
[EventDate "2018.06.01"]
[PlyCount "76"]

1.d4 Nf6 2.Bf4 g6 3.Nd2 d6 4.e4 Bg7 5.Ngf3 c5 6.c3 Nc6 7.d5 Nb8 8.Bb5+ Bd7
9.Bxd7+ Nbxd7 10.O-O O-O 11.Re1 Re8 12.h3 b5 13.Nh2 a5 14.f3 b4 15.cxb4 
axb4 16.a3 bxa3 17.Rxa3 Qc7 18.Qc2 Ra5 19.Nc4 Rxa3 20.bxa3 Nb6 21.Nxb6 
Qxb6 22.Rb1 Qa7 23.Bc1 Ra8 24.Nf1 Qa4 25.Qxa4 Rxa4 26.Rb8+ Bf8 27.Bh6 Nd7 
28.Rd8 Ra7 29.Nd2 f6 30.Kf2 Rxa3 31.Nc4 Ra2+ 32.Kg3 Ra7 33.Kf4 Kf7 34.Bxf8
Nxf8 35.Rb8 Rc7 36.g4 Nd7 37.Rb1 Ne5 38.Rc1 Nd3+ 0-1

[Event "XIII American Continental"]
[Site "Montevideo URU"]
[Date "2018.06.07"]
[Round "8"]
[White "Amaral, Francisco"]
[Black "Podesta, Sofia"]
[Result "0-1"]
[WhiteElo "1637"]
[BlackElo "1195"]
[EventDate "2018.06.01"]
[PlyCount "116"]

1.e4 e6 2.d4 d5 3.exd5 exd5 4.c4 c6 5.Nc3 Bb4 6.Nf3 Nf6 7.Qb3 Qe7+ 8.Be2 
O-O 9.h3 Re8 10.Be3 Ne4 11.O-O Ng3 12.Rfe1 Nxe2+ 13.Rxe2 dxc4 14.Qxc4 Be6 
15.Qd3 h6 16.a3 Ba5 17.b4 Bc7 18.Rd1 Rd8 19.Qe4 f5 20.Qc2 Bc4 21.Ree1 Qf7 
22.Ne5 Bxe5 23.dxe5 Nd7 24.Rxd7 Rxd7 25.Bc5 Qe6 26.f4 b6 27.Be3 Rad8 28.
Qf2 Rd3 29.Nb1 Rd1 30.Nd2 Rxe1+ 31.Qxe1 Bb5 32.Nf3 Qb3 33.Qf2 Qxa3 34.Nd4 
Qd3 35.Kh2 Ba4 36.Ne6 Re8 37.Nd4 Kh7 38.h4 c5 39.bxc5 bxc5 40.Nf3 c4 41.
Bxa7 c3 42.Be3 Qd1 43.Nd4 c2 44.Nxf5 c1=Q 45.Bxc1 Qxc1 46.h5 Qc2 47.Qxc2 
Bxc2 48.Nd6 Rf8 49.g3 g5 50.hxg6+ Kxg6 51.Kh3 h5 52.Kg2 Rg8 53.Kf3 Rd8 54.
Ke3 Kg7 55.f5 Rf8 56.Kf4 Bxf5 57.Kg5 Bg6 58.e6 Rd8 0-1

[Event "XIII American Continental"]
[Site "Montevideo URU"]
[Date "2018.06.07"]
[Round "8"]
[White "Aprahamian, Tomas"]
[Black "Baratta, Daniel"]
[Result "1-0"]
[WhiteElo "1399"]
[BlackElo "1193"]
[EventDate "2018.06.01"]
[PlyCount "81"]

1.d4 Nf6 2.Nf3 g6 3.e3 Bg7 4.Be2 O-O 5.O-O d6 6.c4 c5 7.Nc3 Nbd7 8.b3 Re8 
9.Bb2 cxd4 10.exd4 b6 11.Qc2 Bb7 12.Rfd1 Rc8 13.Qd3 e5 14.dxe5 dxe5 15.Nd2
Qe7 16.Nb5 Bf8 17.Nxa7 Ra8 18.Nb5 Red8 19.Qg3 Bg7 20.a4 Ne8 21.Ba3 Qe6 22.
Rac1 Rac8 23.Nf3 Bc6 24.Nd6 Nxd6 25.Rxd6 Qe8 26.Rdd1 Nc5 27.Bxc5 bxc5 28.
Rxd8 Rxd8 29.Rd1 Rb8 30.Nd2 Rd8 31.Nb1 Rb8 32.Na3 Rb7 33.Nb5 Qe6 34.Rd6 
Qc8 35.Qd3 Bf8 36.Rd8 Qe6 37.h3 e4 38.Qd2 Kg7 39.Qc3+ Kg8 40.Nd6 Re7 41.
Rxf8+ 1-0

[Event "XIII American Continental"]
[Site "Montevideo URU"]
[Date "2018.06.08"]
[Round "9"]
[White "Shankland, Samuel"]
[Black "Mareco, Sandro"]
[Result "1/2-1/2"]
[WhiteElo "2717"]
[BlackElo "2643"]
[EventDate "2018.06.01"]
[PlyCount "52"]

1.c4 e5 2.g3 Nc6 3.Bg2 f5 4.Nc3 Nf6 5.d3 Bc5 6.e3 d6 7.Nge2 a6 8.d4 Ba7 9.
b3 Qe7 10.O-O Nd8 11.dxe5 dxe5 12.e4 O-O 13.Be3 c6 14.Bxa7 Rxa7 15.Qd3 Nf7
16.exf5 Nh6 17.Rad1 Bxf5 18.Qe3 Raa8 19.h3 Bg6 20.g4 Qc7 21.Qc5 Nd7 22.Qe7
Rad8 23.Be4 Rfe8 24.Qh4 Nf8 25.Qg3 Nf7 26.Qe3 Bxe4 1/2-1/2

[Event "XIII American Continental"]
[Site "Montevideo URU"]
[Date "2018.06.08"]
[Round "9"]
[White "Xiong, Jeffery"]
[Black "Mekhitarian, Krikor Sevag"]
[Result "1/2-1/2"]
[WhiteElo "2656"]
[BlackElo "2546"]
[EventDate "2018.06.01"]
[PlyCount "83"]

1.d4 Nf6 2.c4 e6 3.Nf3 d5 4.Nc3 Bb4 5.cxd5 exd5 6.Qa4+ Nc6 7.Bg5 h6 8.Bxf6
Qxf6 9.e3 O-O 10.Be2 Be6 11.a3 Bxc3+ 12.bxc3 Ne7 13.Rb1 Rfb8 14.O-O Nc8 
15.Ne5 Nd6 16.Qa5 Rc8 17.Bf3 b6 18.Qa6 c5 19.Nd3 Ne4 20.Bxe4 dxe4 21.Nf4 
cxd4 22.Nxe6 Qxe6 23.cxd4 Qc4 24.Qb7 Qc6 25.Qa6 Qc4 26.Qb5 Qxb5 27.Rxb5 
Rc3 28.a4 Ra3 29.Rb4 Rc8 30.g4 Rc6 31.d5 Rg6 32.Rd1 Rxg4+ 33.Kf1 Rc3 34.a5
Kf8 35.axb6 axb6 36.Rxb6 Rc8 37.Rb4 f5 38.d6 Rg6 39.Rb5 Rf6 40.Kg2 Rd8 41.
Kg3 f4+ 42.exf4 1/2-1/2

[Event "XIII American Continental"]
[Site "Montevideo URU"]
[Date "2018.06.08"]
[Round "9"]
[White "Cordova Daza, Emilio"]
[Black "El Debs, Felipe De Cresce"]
[Result "1/2-1/2"]
[WhiteElo "2621"]
[BlackElo "2537"]
[EventDate "2018.06.01"]
[PlyCount "97"]

1.c4 e5 2.Nc3 Nf6 3.g3 d5 4.cxd5 Nxd5 5.Bg2 Nb6 6.e3 Nc6 7.Nge2 h5 8.d4 h4
9.d5 Ne7 10.e4 c6 11.Qb3 cxd5 12.exd5 Nf5 13.a4 a5 14.O-O hxg3 15.hxg3 Bb4
16.Ne4 Nd6 17.Bg5 Qd7 18.N2c3 Nbc4 19.Rac1 O-O 20.Nxd6 Nxd6 21.Na2 b5 22.
axb5 Nxb5 23.Nxb4 axb4 24.Be3 Bb7 25.Qxb4 Rab8 26.Rfd1 Ba8 27.Qd2 Rfd8 28.
b4 Qb7 29.Qb2 Qe7 30.Bc5 Qf6 31.f4 Nd4 32.Bxd4 exd4 33.Qxd4 Qg6 34.Kf2 Rb6
35.Rc5 Ra6 36.Ra5 Rb6 37.Rd2 Qd6 38.Qc5 Qf6 39.d6 Rbxd6 40.Re2 Bxg2 41.
Kxg2 Rd3 42.Qc4 g6 43.Rae5 Kg7 44.b5 R8d4 45.Qc1 Qb6 46.Qc5 Qb7+ 47.Kh2 
Rd1 48.Qc6 Qxc6 49.bxc6 1/2-1/2

[Event "XIII American Continental"]
[Site "Montevideo URU"]
[Date "2018.06.08"]
[Round "9"]
[White "Liang, Awonder"]
[Black "Hungaski, Robert"]
[Result "0-1"]
[WhiteElo "2571"]
[BlackElo "2510"]
[EventDate "2018.06.01"]
[PlyCount "92"]

1.b3 d5 2.Bb2 c5 3.Nf3 f6 4.e3 e5 5.Nh4 Be6 6.Bb5+ Nc6 7.f4 exf4 8.Bxc6+ 
bxc6 9.exf4 Bd6 10.Qe2 Kd7 11.O-O Nh6 12.Nc3 Qa5 13.a3 Nf5 14.Nxf5 Bxf5 
15.Kh1 Rhe8 16.Qh5 Bxc2 17.Qg4+ f5 18.Qxg7+ Re7 19.Qg5 Bxb3 20.Qxf5+ Kc7 
21.Qh3 d4 22.Ne4 Rxe4 23.Qxb3 Qxd2 24.Rab1 Rc8 25.Ba1 Re7 26.Qa4 Kd8 27.
Rbd1 Qe2 28.Bxd4 cxd4 29.Qxd4 Rd7 30.Rfe1 Qg4 31.Rf1 h5 32.h3 Qf5 33.Qc4 
Bxa3 34.Rxd7+ Kxd7 35.Qd4+ Bd6 36.Rd1 Qg6 37.Qxa7+ Rc7 38.Qd4 Rb7 39.Rd2 
h4 40.Qe3 Qf6 41.Qe5 Qg6 42.Qe3 Kc7 43.Kh2 Qf6 44.Rf2 c5 45.Rf1 Rb4 46.Qa3
Rxf4 0-1

[Event "XIII American Continental"]
[Site "Montevideo URU"]
[Date "2018.06.08"]
[Round "9"]
[White "Erenburg, Sergey"]
[Black "Pichot, Alan"]
[Result "1/2-1/2"]
[WhiteElo "2563"]
[BlackElo "2564"]
[EventDate "2018.06.01"]
[PlyCount "97"]

1.e4 c5 2.Nf3 Nc6 3.d4 cxd4 4.Nxd4 Nf6 5.Nc3 e5 6.Ndb5 d6 7.Bg5 a6 8.Na3 
b5 9.Nd5 Be7 10.Bxf6 Bxf6 11.c4 b4 12.Nc2 a5 13.g3 O-O 14.Bg2 Bg5 15.O-O 
Be6 16.b3 Ne7 17.h4 Bh6 18.Nxe7+ Qxe7 19.Qd3 Qc7 20.Rad1 Rad8 21.Ne3 g6 
22.Nd5 Qc5 23.Qe2 a4 24.Rd3 axb3 25.axb3 Ra8 26.Kh2 Kh8 27.Nf6 Bg7 28.Nd5 
Bh6 29.Bh3 f5 30.exf5 gxf5 31.Qh5 Kg7 32.Ne7 Ra2 33.Rf3 e4 34.Nxf5+ Bxf5 
35.Rxf5 Rxf5 36.Qxf5 Qxf5 37.Bxf5 e3 38.Kg2 Rb2 39.g4 Kh8 40.g5 Bg7 41.Kf3
exf2 42.Rxf2 Rxb3+ 43.Kg4 Rb2 44.Rf3 Bd4 45.Rf4 Be5 46.Rf1 Rd2 47.Be6 Rd4+
48.Kh5 Rf4 49.Rxf4 1/2-1/2

[Event "XIII American Continental"]
[Site "Montevideo URU"]
[Date "2018.06.08"]
[Round "9"]
[White "Cori Tello, Jorge"]
[Black "Tristan, Leonardo"]
[Result "1-0"]
[WhiteElo "2659"]
[BlackElo "2459"]
[EventDate "2018.06.01"]
[PlyCount "100"]

1.d4 Nf6 2.Nf3 d5 3.c4 e6 4.Nc3 Bb4 5.e3 O-O 6.Bd3 c5 7.O-O Nc6 8.a3 Bxc3 
9.bxc3 Qc7 10.Re1 Na5 11.cxd5 exd5 12.Ne5 c4 13.Bc2 Ne4 14.f3 Nxc3 15.Qd2 
Nb5 16.a4 Nd6 17.Ba3 f6 18.Bxd6 Qxd6 19.Qxa5 fxe5 20.dxe5 Qxe5 21.Rad1 b6 
22.Rxd5 Qf6 23.Qd2 Be6 24.Rd6 Rad8 25.Rd1 Rxd6 26.Qxd6 Bf5 27.Qxf6 Rxf6 
28.Rd8+ Kf7 29.e4 Be6 30.Ra8 a5 31.Ra7+ Kf8 32.e5 Rf4 33.Be4 c3 34.Rc7 Bb3
35.Rxc3 Bxa4 36.g3 Rxe4 37.fxe4 Be8 38.Kf2 b5 39.Rc8 a4 40.Rb8 a3 41.Ra8 
b4 42.Ke3 Ke7 43.Kd4 Bc6 44.Ra7+ Ke6 45.Ra6 Kd7 46.Kc5 Bxe4 47.Kxb4 a2 48.
Kc5 Bb1 49.Kd5 Bc2 50.Ra7+ Kd8 1-0

[Event "XIII American Continental"]
[Site "Montevideo URU"]
[Date "2018.06.08"]
[Round "9"]
[White "Cruz Sanchez, Cristhian"]
[Black "Sosa, Tomas"]
[Result "0-1"]
[WhiteElo "2576"]
[BlackElo "2453"]
[EventDate "2018.06.01"]
[PlyCount "76"]

1.d4 d5 2.c4 e6 3.Nf3 Nf6 4.Nc3 Bb4 5.e3 O-O 6.Bd2 b6 7.cxd5 exd5 8.Bd3 
Nbd7 9.O-O Bb7 10.Rc1 a6 11.Qc2 Re8 12.Qb1 Bd6 13.b4 Ne4 14.a4 Re6 15.Rfd1
Ndf6 16.Be1 Qe7 17.b5 a5 18.Ne2 Nh5 19.Rc2 Rh6 20.Rdc1 f6 21.Nc3 g5 22.Qa2
Nxc3 23.Bxc3 g4 24.Nh4 Ng7 25.g3 Rxh4 26.gxh4 f5 27.Be1 Rf8 28.Rc3 Ne6 29.
Rc6 Bxc6 30.Rxc6 Kh8 31.Qxd5 Nf4 32.Qb3 Nh3+ 33.Kf1 f4 34.e4 f3 35.Bd2 
Qxh4 36.Be3 Nxf2 37.Rxd6 Nxd3 38.Qxd3 Qh3+ 0-1

[Event "XIII American Continental"]
[Site "Montevideo URU"]
[Date "2018.06.08"]
[Round "9"]
[White "Panjwani, Raja"]
[Black "Perez Ponsa, Federico"]
[Result "1-0"]
[WhiteElo "2456"]
[BlackElo "2556"]
[EventDate "2018.06.01"]
[PlyCount "111"]

1.d4 d5 2.c4 e6 3.Nc3 a6 4.cxd5 exd5 5.Nf3 Nf6 6.Bf4 Bd6 7.Bxd6 Qxd6 8.Qc2
O-O 9.e3 Nc6 10.Be2 Bg4 11.O-O Rfe8 12.Rfc1 Ne7 13.Na4 c6 14.Nc5 Rab8 15.
b4 Ng6 16.a4 Re7 17.Rab1 Rbe8 18.b5 axb5 19.axb5 Ne4 20.bxc6 bxc6 21.Nd3 
Rc7 22.Rb6 Rec8 23.Nb4 Ne7 24.Ba6 Ra8 25.Ne5 Bd7 26.Nxd7 Qxd7 27.Bd3 Rb7 
28.Ra6 Rxa6 29.Nxa6 Rb6 30.Bxe4 Rxa6 31.Bxh7+ Kf8 32.Bd3 Ra3 33.Be2 g6 34.
Qc5 Ra2 35.Bf3 Kg7 36.h4 Rb2 37.g4 Qe6 38.Qa3 Rb8 39.Kg2 Rh8 40.Rh1 Qf6 
41.Kg3 Rh7 42.Qc5 Rh8 43.Qb4 Rh7 44.Qb8 Rh8 45.Qf4 Qxf4+ 46.Kxf4 Kf6 47.
g5+ Kg7 48.Ke5 Nc8 49.Bg4 Re8+ 50.Kf4 Ne7 51.Rb1 Ra8 52.Rb7 Kf8 53.Bd7 Ra2
54.f3 Rh2 55.Rb8+ Kg7 56.Re8 1-0

[Event "XIII American Continental"]
[Site "Montevideo URU"]
[Date "2018.06.08"]
[Round "9"]
[White "Vazquez Colman, Guillermo"]
[Black "Martinez Alcantara, Jose Eduardo"]
[Result "0-1"]
[WhiteElo "2436"]
[BlackElo "2539"]
[EventDate "2018.06.01"]
[PlyCount "62"]

1.d4 Nf6 2.c4 e6 3.Nc3 Bb4 4.Qc2 O-O 5.a3 Bxc3+ 6.Qxc3 b6 7.Bg5 Bb7 8.e3 
h6 9.Bh4 d6 10.Ne2 Nbd7 11.Qc2 c5 12.Rd1 cxd4 13.Rxd4 Qe7 14.Nc3 Rfc8 15.
f3 d5 16.cxd5 exd5 17.Bf2 Nc5 18.Be2 Ne6 19.Rd2 d4 20.exd4 Nd5 21.Nxd5 
Bxd5 22.Qf5 Rc1+ 23.Rd1 Rxd1+ 24.Kxd1 Rd8 25.Bd3 g6 26.Qe5 f6 27.Qg3 g5 
28.Re1 Qf7 29.Kc1 Nf4 30.Bf5 Ba2 31.Qg4 h5 0-1

[Event "XIII American Continental"]
[Site "Montevideo URU"]
[Date "2018.06.08"]
[Round "9"]
[White "Campora, Daniel Hugo"]
[Black "Di Berardino, Diego Rafael"]
[Result "1/2-1/2"]
[WhiteElo "2424"]
[BlackElo "2525"]
[EventDate "2018.06.01"]
[PlyCount "79"]

1.Nf3 c5 2.c4 Nf6 3.g3 d5 4.cxd5 Nxd5 5.Bg2 Nc6 6.O-O e5 7.Nc3 Nc7 8.d3 
Be7 9.Nd2 Bd7 10.Nc4 f6 11.f4 b5 12.Ne3 exf4 13.gxf4 Rb8 14.Ned5 O-O 15.
Nxc7 Qxc7 16.Nd5 Qd8 17.f5 Bd6 18.Bf4 Be5 19.Rc1 Bxf5 20.Bxe5 fxe5 21.Rxc5
Nd4 22.e3 Ne6 23.Rc2 Bh3 24.Rxf8+ Nxf8 25.Qf3 Bxg2 26.Qxg2 Ng6 27.Rc5 Kh8 
28.Qg4 Qf8 29.Rc7 Rd8 30.e4 a5 31.Qf5 Qxf5 32.exf5 Nf4 33.Nxf4 exf4 34.Rc5
Kg8 35.Rxb5 Rxd3 36.Rxa5 Rd1+ 37.Kf2 Rd2+ 38.Kf3 Rxb2 39.h4 Rh2 40.Kxf4 
1/2-1/2

[Event "XIII American Continental"]
[Site "Montevideo URU"]
[Date "2018.06.08"]
[Round "9"]
[White "Quintiliano Pinto, Renato Rodrigues"]
[Black "Vera Siguenas, Deivy"]
[Result "1/2-1/2"]
[WhiteElo "2423"]
[BlackElo "2516"]
[EventDate "2018.06.01"]
[PlyCount "49"]

1.d4 Nf6 2.c4 e6 3.Nf3 d5 4.Nc3 Bb4 5.Bg5 h6 6.Bxf6 Qxf6 7.Qa4+ Nc6 8.e3 
O-O 9.Rc1 a6 10.a3 Bxc3+ 11.Rxc3 Rd8 12.cxd5 exd5 13.Be2 Qd6 14.Qc2 Ne7 
15.Bd3 c6 16.O-O Qf6 17.b4 Bf5 18.a4 Bxd3 19.Qxd3 Qf5 20.Ne5 f6 21.Qxf5 
Nxf5 22.Nd3 Nd6 23.Nc5 Re8 24.Rb1 Re7 25.g3 1/2-1/2

[Event "XIII American Continental"]
[Site "Montevideo URU"]
[Date "2018.06.08"]
[Round "9"]
[White "Hoffman, Alejandro"]
[Black "Escalante Ramirez, Brian Sebastian"]
[Result "0-1"]
[WhiteElo "2475"]
[BlackElo "2422"]
[EventDate "2018.06.01"]
[PlyCount "60"]

1.d4 Nf6 2.c4 g6 3.Nc3 Bg7 4.e4 d6 5.f3 O-O 6.Be3 Nc6 7.Qd2 a6 8.Nge2 Rb8 
9.d5 Ne5 10.Nc1 c5 11.a4 e6 12.Be2 exd5 13.exd5 Nh5 14.g4 Qh4+ 15.Kd1 Qh3 
16.Rf1 Nf6 17.g5 Nh5 18.Ne4 Rd8 19.Rf2 Bf5 20.Ra3 Qh4 21.Qc2 Re8 22.Rb3 
Nxf3 23.Bxf3 Bxe4 24.Bxe4 Rxe4 25.Qd2 Rxc4 26.Rb6 Bd4 27.Rxd6 Re8 28.Re2 
Qg4 29.Ke1 Bxe3 30.Rxe3 Rxe3+ 0-1

[Event "XIII American Continental"]
[Site "Montevideo URU"]
[Date "2018.06.08"]
[Round "9"]
[White "Cori Quispe, Kevin Joel"]
[Black "Ruiz Castillo, Joshua Daniel"]
[Result "1-0"]
[WhiteElo "2468"]
[BlackElo "2378"]
[EventDate "2018.06.01"]
[PlyCount "135"]

1.e4 e6 2.d4 d5 3.Nc3 Nf6 4.Bg5 Be7 5.e5 Nfd7 6.h4 a6 7.Bxe7 Qxe7 8.f4 Qb4
9.a3 Qb6 10.b4 a5 11.Rb1 Nc6 12.Nb5 axb4 13.axb4 h5 14.Nf3 Ne7 15.Bd3 Nb8 
16.Qd2 g6 17.Qc3 Na6 18.O-O Bd7 19.Na3 Nb8 20.Ra1 Ra4 21.Rfb1 O-O 22.Qc5 
Nbc6 23.Nb5 Rxb4 24.Qxb6 cxb6 25.Nd6 Rb8 26.Ng5 Rxb1+ 27.Rxb1 Nxd4 28.
Ndxf7 Rf8 29.Nd6 Rxf4 30.Rxb6 Ndc6 31.Nf3 Rb4 32.Rxb7 Rxb7 33.Nxb7 Bc8 34.
Nc5 Nd8 35.Kf2 Kg7 36.Ke3 Ng8 37.Nd4 Ne7 38.Kf4 Nec6 39.Nb5 Bb7 40.Nd6 Ba8
41.Ne8+ Kf7 42.Nd6+ Kg7 43.c3 Ne7 44.g3 Nec6 45.Bf1 Kf8 46.Bd3 Kg7 47.Bc2 
d4 48.c4 Nb4 49.Be4 Bc6 50.Nb5 Bxe4 51.Kxe4 Nbc6 52.Nxd4 Nxd4 53.Kxd4 Nc6+
54.Ke4 Kf7 55.Nb3 Ke7 56.Nd4 Nb4 57.Ne2 Kf7 58.Nf4 Nc6 59.Nd3 Ne7 60.Kf4 
Nc6 61.c5 Kf8 62.Ke4 Kf7 63.Nf4 Ne7 64.Ne2 Nc6 65.Nd4 Nb4 66.c6 Ke7 67.c7 
Kd7 68.Nxe6 1-0

[Event "XIII American Continental"]
[Site "Montevideo URU"]
[Date "2018.06.08"]
[Round "9"]
[White "Jodorcovsky Werjivker, Paulo"]
[Black "Salinas Herrera, Pablo"]
[Result "1/2-1/2"]
[WhiteElo "2249"]
[BlackElo "2463"]
[EventDate "2018.06.01"]
[PlyCount "84"]

1.d4 Nf6 2.c4 e6 3.Nc3 Bb4 4.e3 O-O 5.Ne2 Re8 6.a3 Bf8 7.Ng3 d5 8.Be2 c5 
9.dxc5 Bxc5 10.O-O Nc6 11.b4 Bd6 12.Bb2 a6 13.Rc1 Be5 14.cxd5 exd5 15.Na4 
Bxb2 16.Nxb2 d4 17.Nc4 Be6 18.exd4 Nxd4 19.Re1 b5 20.Na5 Qb6 21.Rc5 Rad8 
22.Qc1 Nd7 23.Rc3 Ne5 24.Qb2 f6 25.Bf1 Bf7 26.Rec1 h5 27.h3 h4 28.Ne4 Ng6 
29.Nc5 Rd5 30.Rd3 Nf5 31.Rcd1 Nfe7 32.Rxd5 Nxd5 33.Nab3 Ndf4 34.Rd7 Ne5 
35.Rd4 g5 36.Qc3 Kg7 37.Nd7 Qb7 38.Nxe5 Rxe5 39.Nc5 Qc6 40.Qd2 Bd5 41.Nd3 
Nxd3 42.Rxd3 Bf7 1/2-1/2

[Event "XIII American Continental"]
[Site "Montevideo URU"]
[Date "2018.06.08"]
[Round "9"]
[White "Lujan, Carolina"]
[Black "Moradiabadi, Elshan"]
[Result "0-1"]
[WhiteElo "2341"]
[BlackElo "2549"]
[EventDate "2018.06.01"]
[PlyCount "62"]

1.e4 c6 2.d4 d5 3.Nc3 dxe4 4.Nxe4 Bf5 5.Ng3 Bg6 6.Bc4 e6 7.N1e2 Bd6 8.Nf4 
Qh4 9.Qf3 Nf6 10.Bb3 Nbd7 11.Bd2 a5 12.Bxe6 fxe6 13.Nxe6 Qg4 14.Qe3 Nd5 
15.Nxg7+ Kf7 16.Qh6 Qxd4 17.Qh3 Rhe8+ 18.Nxe8 Rxe8+ 19.Ne2 N7f6 20.Qb3 b5 
21.Be3 Qg4 22.a4 Bh5 23.Qd3 Nb4 24.Qb3+ Nfd5 25.O-O-O Qxe2 26.axb5 a4 27.
Qxa4 Ra8 28.Ba7 cxb5 29.Rhe1 bxa4 30.Rxe2 Bxe2 31.Re1 Bd3 0-1

[Event "XIII American Continental"]
[Site "Montevideo URU"]
[Date "2018.06.08"]
[Round "9"]
[White "Varacalli, Francisco"]
[Black "Alonso, Salvador"]
[Result "0-1"]
[WhiteElo "2312"]
[BlackElo "2519"]
[EventDate "2018.06.01"]
[PlyCount "110"]

1.e4 c5 2.Nf3 e6 3.d4 cxd4 4.Nxd4 Nc6 5.Nc3 d6 6.Be2 Nf6 7.O-O Be7 8.f4 
O-O 9.Kh1 Qc7 10.Be3 Nxd4 11.Bxd4 e5 12.Be3 a6 13.a4 exf4 14.Bxf4 Be6 15.
Qd3 Nd7 16.Qg3 Ne5 17.Rac1 Rac8 18.Nd1 Ng6 19.Ne3 Nxf4 20.Qxf4 Qa5 21.Nf5 
Bf6 22.b3 Bxf5 23.Qxf5 Qxf5 24.Rxf5 Bb2 25.Rcf1 g6 26.R5f3 Kg7 27.Bc4 f6 
28.c3 Rc5 29.Rb1 b5 30.axb5 axb5 31.Rxb2 bxc4 32.bxc4 Rxc4 33.h3 Rc6 34.
Rd3 Rf7 35.Rbd2 Rd7 36.c4 Rxc4 37.Rxd6 Rxd6 38.Rxd6 Rxe4 39.Rd7+ Kh6 40.
Kh2 g5 41.Kg3 Kg6 42.Kf3 Rf4+ 43.Ke3 h6 44.g3 Rf1 45.Rd4 h5 46.h4 g4 47.
Rf4 Rxf4 48.Kxf4 Kg7 49.Ke4 Kf8 50.Kf5 Kf7 51.Ke4 Ke6 52.Kf4 f5 53.Kg5 Ke5
54.Kxh5 Kf6 55.Kh6 f4 0-1

[Event "XIII American Continental"]
[Site "Montevideo URU"]
[Date "2018.06.08"]
[Round "9"]
[White "Colas, Joshua"]
[Black "Henriquez Villagra, Cristobal"]
[Result "1-0"]
[WhiteElo "2285"]
[BlackElo "2518"]
[EventDate "2018.06.01"]
[PlyCount "83"]

1.Nf3 d5 2.c4 d4 3.b4 g6 4.g3 Bg7 5.d3 e5 6.Bg2 Ne7 7.O-O O-O 8.a4 a5 9.b5
c5 10.Ra2 Nf5 11.e3 dxe3 12.fxe3 Ra7 13.Nc3 b6 14.e4 Nd4 15.Nd5 Bg4 16.Qe1
Nb3 17.Be3 f6 18.Raf2 Raf7 19.h3 Be6 20.Qd1 Nd4 21.Nxd4 cxd4 22.Bc1 Nd7 
23.Ba3 Re8 24.Qd2 Bf8 25.Bc1 Bd6 26.g4 Ref8 27.Qd1 Kg7 28.h4 Nc5 29.g5 
Bxd5 30.gxf6+ Rxf6 31.Bg5 Rxf2 32.Bxd8 Rxf1+ 33.Bxf1 Rxd8 34.exd5 h5 35.
Qc2 Rf8 36.Qg2 Rf5 37.Qc2 Rf4 38.Be2 Rxh4 39.Bd1 Rf4 40.Qg2 Rf5 41.Qh3 Kf6
42.Bc2 1-0

[Event "XIII American Continental"]
[Site "Montevideo URU"]
[Date "2018.06.08"]
[Round "9"]
[White "Terry Lujan, Renato Alfredo"]
[Black "Cimer, Emanuel"]
[Result "1-0"]
[WhiteElo "2503"]
[BlackElo "2262"]
[EventDate "2018.06.01"]
[PlyCount "85"]

1.Nf3 g6 2.d4 Nf6 3.b3 Bg7 4.Bb2 O-O 5.g3 d6 6.Bg2 c6 7.O-O Nbd7 8.Nbd2 
Re8 9.a4 e5 10.dxe5 Nxe5 11.Nxe5 dxe5 12.Nc4 Qxd1 13.Rfxd1 Bf5 14.Rac1 e4 
15.Nd6 Re7 16.Nxf5 gxf5 17.e3 Nd5 18.c3 Nf6 19.Ba3 Rc7 20.c4 Ng4 21.Rc2 
Bf8 22.Bb2 Bg7 23.Bc1 Bf6 24.Rcd2 Rcc8 25.h3 Nh6 26.Ba3 Rd8 27.Rd7 Kg7 28.
Bf1 Ng8 29.Be2 b6 30.Bh5 Nh6 31.c5 bxc5 32.Bxc5 a5 33.Be2 Ng8 34.Bc4 Nh6 
35.Bb6 Rdb8 36.Bc7 Rb7 37.Bf4 Raa7 38.R7d6 Ng8 39.Rxc6 Ne7 40.Rxf6 Kxf6 
41.Rd6+ Kg7 42.Be5+ f6 43.Bxf6+ 1-0

[Event "XIII American Continental"]
[Site "Montevideo URU"]
[Date "2018.06.08"]
[Round "9"]
[White "Coro, Lucas"]
[Black "Rodriguez Vila, Andres"]
[Result "1/2-1/2"]
[WhiteElo "2269"]
[BlackElo "2483"]
[EventDate "2018.06.01"]
[PlyCount "162"]

1.e4 d6 2.d4 g6 3.Nc3 a6 4.a4 Bg7 5.Nf3 Bg4 6.Be2 Nd7 7.O-O c5 8.d5 Ngf6 
9.Nd2 Bxe2 10.Qxe2 O-O 11.Nc4 Ne8 12.a5 Nc7 13.Na4 f5 14.exf5 Rxf5 15.Nab6
Rb8 16.Ra3 Nf8 17.Rf3 Rxf3 18.Qxf3 Qe8 19.Re1 Qf7 20.Bg5 Re8 21.Qxf7+ Kxf7
22.Rxe7+ Rxe7 23.Nxd6+ Kg8 24.Bxe7 Bxb2 25.Nxb7 Kf7 26.Bxc5 Bc3 27.d6 Nce6
28.d7 Bf6 29.Nd6+ Kg8 30.Be3 Nd8 31.Ne4 Be5 32.Bg5 Nfe6 33.Bxd8 Nxd8 34.
Nc4 Bd4 35.Kf1 Kf8 36.Ke2 Ke7 37.Kd3 Nc6 38.c3 Ba7 39.f4 Bg1 40.h3 h5 41.
Ne5 Nxe5+ 42.fxe5 Kxd7 43.Kc4 Kc6 44.Ng5 Ba7 45.Ne6 Bb8 46.Nd4+ Kd7 47.Kd5
Bc7 48.e6+ Ke7 49.Nc6+ Kf6 50.e7 Kf7 51.c4 Bg3 52.Kc5 Bc7 53.h4 Ke8 54.Kd5
Kd7 55.c5 Bg3 56.Ne5+ Kxe7 57.c6 Kd8 58.Nd7 Bxh4 59.Nc5 Be1 60.Nxa6 Bxa5 
61.Ke6 Bd2 62.Nc5 Kc7 63.Kd5 h4 64.Ne6+ Kc8 65.Ke5 Bc3+ 66.Kf4 Bf6 67.Kg4 
g5 68.Kf5 Be7 69.Kg4 Kb8 70.Kh5 Kc8 71.Nxg5 Kc7 72.Nf3 Kxc6 73.Nxh4 Kd5 
74.g4 Ke6 75.Nf5 Ba3 76.Nd4+ Kf7 77.g5 Bb2 78.g6+ Kg8 79.Ne6 Ba1 80.Kh6 
Bb2 81.g7 Bxg7+ 1/2-1/2

[Event "XIII American Continental"]
[Site "Montevideo URU"]
[Date "2018.06.08"]
[Round "9"]
[White "Kapitanchuk, Tomas"]
[Black "Roselli Mailhe, Bernardo"]
[Result "0-1"]
[WhiteElo "2253"]
[BlackElo "2433"]
[EventDate "2018.06.01"]
[PlyCount "62"]

1.e4 e6 2.d4 d5 3.Nd2 a6 4.Ngf3 c5 5.exd5 exd5 6.c3 Nc6 7.Be2 Nf6 8.O-O 
cxd4 9.cxd4 Bd6 10.Nb3 h6 11.Nc5 O-O 12.a3 Re8 13.Nd3 Bg4 14.Be3 Ne4 15.
Re1 Qf6 16.Nc5 Bxc5 17.dxc5 Qxb2 18.Qa4 Qf6 19.Rac1 Rad8 20.Nd4 Bxe2 21.
Rxe2 Nc3 22.Rxc3 Nxd4 23.Bxd4 Rxe2 24.h3 Qf4 25.Rg3 Re1+ 26.Kh2 Rde8 27.
Qb4 R1e4 28.Qxb7 Rxd4 29.Qd7 Rf8 30.c6 h5 31.c7 Rc4 0-1

[Event "XIII American Continental"]
[Site "Montevideo URU"]
[Date "2018.06.08"]
[Round "9"]
[White "Slipak, Sergio"]
[Black "Gauche, Charles"]
[Result "0-1"]
[WhiteElo "2420"]
[BlackElo "2235"]
[EventDate "2018.06.01"]
[PlyCount "82"]

1.d4 Nf6 2.c4 g6 3.Nc3 Bg7 4.Bg5 h6 5.Bh4 c5 6.d5 g5 7.Bg3 Nh5 8.e3 Nxg3 
9.hxg3 d6 10.Bd3 Qa5 11.Ne2 Nd7 12.f4 Nf6 13.Qd2 gxf4 14.gxf4 Bg4 15.O-O-O
O-O-O 16.Kb1 Kb8 17.Rde1 b5 18.Qc2 bxc4 19.Bxc4 Ka8 20.Nc1 Rb8 21.Nb3 Qb4 
22.Qd3 Bd7 23.e4 Ng4 24.a3 Qb6 25.Re2 Rb7 26.Rh4 h5 27.Rc2 f5 28.exf5 Bf6 
29.Rh1 h4 30.Ka2 Nh6 31.Ne4 Bxf5 32.Ba6 Rbb8 33.Re1 Rhg8 34.Bc4 Rg3 35.Re3
Ng4 36.Rxg3 hxg3 37.Nbd2 Nf2 38.Qf3 Nxe4 39.Nxe4 Bxe4 40.Qxe4 Qxb2+ 41.
Rxb2 Rxb2+ 0-1